Oro precolombino de Costa Rica/ Pre-columbian gold of Costa Rica (Registro nro. 2320)
[ vista simple ]
| 000 -Cabecera | |
|---|---|
| Campo de control de longitud fija | 00806aam a2200313 4500 |
| 005 - Fecha y hora de la última transacción | |
| Campo de control | 20240506093915.0 |
| 008 - Elementos de longitud fija--Información general | |
| Campo de control de longitud fija | 150526b xxu||||| |||| 00| 0 spa d |
| 020 ## - International Standard Book Number | |
| Número Internacional Estándar del Libro (ISBN) | 996894761X |
| 041 ## - Idioma | |
| Código de idioma | Español |
| 041 ## - Idioma | |
| Código de idioma | Inglés |
| 082 ## - Clasificación Decimal Dewey | |
| Número de clasificación | 739.22 F363o |
| 100 ## - Entrada principal--Autor personal | |
| Nombre personal | Fernández Esquivel, Patricia |
| 9 (RLIN) | 7712 |
| 245 ## - Título propiamente dicho | |
| Título | Oro precolombino de Costa Rica/ Pre-columbian gold of Costa Rica |
| 260 ## - Pie de imprenta | |
| Lugar de publicación, distribución, etc. | Costa Rica |
| 260 ## - Pie de imprenta | |
| Nombre del editor, distribuidor, etc. | Fundación Museos del Banco Central |
| 260 ## - Pie de imprenta | |
| Fecha de publicación, distribución, etc. | 2005 |
| 300 ## - Descripción física | |
| Extensión | 128 páginas |
| 650 ## - Materia general | |
| Temática (materia general) | COSTA RICA |
| 650 ## - Materia general | |
| Temática (materia general) | ARTE PRECOLOMBINO |
| 650 ## - Materia general | |
| Temática (materia general) | MUSEOS |
| 650 ## - Materia general | |
| Temática (materia general) | CULTURA INDÍGENA |
| 650 ## - Materia general | |
| Temática (materia general) | ARTE Y RELIGIÓN |
| 650 ## - Materia general | |
| Temática (materia general) | MUSEOS DE ARTE |
| 650 ## - Materia general | |
| Temática (materia general) | METALURGIA |
| 650 ## - Materia general | |
| Temática (materia general) | ORFEBRERÍA |
| 650 ## - Materia general | |
| Temática (materia general) | ORO PRECOLOMBINO |
| 942 ## - Punto de acceso adicional KOHA | |
| Tipo de ítem KOHA | Libro |
| Fuente del sistema de clasificación o colocación | Dewey Decimal Classification |
| Signatura completa | Código de barras | Programa Académico | Tipo de ítem |
|---|---|---|---|
| 739.22 F363o | 15236 | Turismo | Libro |
| 739.22 F363o | 16013 | Turismo | Libro |